Zhe xue shang di liang jun dui zhan /
Saved in:
| Main Author: | |
|---|---|
| Format: | Book |
| Language: | Chinese |
| Published: |
[Changsha shi] :
Hunan ren min chu ban she,
1979.
|
| Edition: | Di 1 ban. |
| Series: | Zheng zhi li lun ji chu zhi shi cong shu.
|
| Subjects: | |
| Tags: |
Add Tag
No Tags, Be the first to tag this record!
|
| LEADER | 01073cam a2200313 a 4500 | ||
|---|---|---|---|
| 001 | 007735505-9 | ||
| 005 | 20024617103528.0 | ||
| 008 | 801230s1979 cc r 000 0 chi | ||
| 010 | |a 80154660 /ACN | ||
| 035 | 0 | |a ocm10951152 | |
| 040 | |a DLC |c DLC |d OCoLC |d *YNH* |d CStRLIN | ||
| 050 | 0 | |a B825 |b .C48 1979 | |
| 100 | 1 | |6 880-01 |a Zhong, Zhemin. | |
| 245 | 1 | 0 | |6 880-02 |a Zhe xue shang di liang jun dui zhan / |c Zhong Zhemin. |
| 250 | |6 880-03 |a Di 1 ban. | ||
| 260 | |6 880-04 |a [Changsha shi] : |b Hunan ren min chu ban she, |c 1979. | ||
| 300 | |a 2, 85 p. ; |c 19 cm. | ||
| 490 | 1 | |6 880-05 |a Zheng zhi li lun ji chu zhi shi cong shu | |
| 650 | 0 | |a Materialism. | |
| 650 | 0 | |a Idealism. | |
| 880 | 1 | |6 100-01 |a 钟哲民. | |
| 880 | 1 | 0 | |6 245-02 |a 哲学上的两军对战 / |c 钟哲民. |
| 880 | |6 250-03 |a 第1版. | ||
| 880 | |6 260-04 |a [长沙市] : |b 湖南人民出版社, |c 1979. | ||
| 880 | 1 | |6 490-05 |a 政治理论基础知识丛书 | |
| 830 | 0 | |6 880-55 |a Zheng zhi li lun ji chu zhi shi cong shu. | |
| 880 | 0 | |6 830-55 |a 政治理论基础知识丛书. | |
| 988 | |a 20021127 | ||
| 906 | |0 DLC | ||


